| 000 | 00427pab a2200169 454500 | ||
|---|---|---|---|
| 008 | 180718b2001 xxu||||| |||| 00| 0 eng d | ||
| 100 | _aShaw, Mark | ||
| 245 | _aStealing the show? crime and its impact in post-apartheid South Africa | ||
| 260 | _c2001 | ||
| 300 | _ap.235-58 | ||
| 362 | _aWinter | ||
| 650 | _aCrime - South Africa | ||
| 650 | _aCrime | ||
| 700 | _aGastrow, Peter | ||
| 773 | _aDaedalus | ||
| 909 | _a47929 | ||
| 999 |
_c47929 _d47929 |
||